Statistics for Moquizzle II

Click here to take the quiz!

General Stats

  • This quiz has been taken 2 times
  • The average score is 5 of 10

Answer Stats

HintAnswer% Correct
Was ist a^2 + b^2c^2
100%
Wie heißt der Torwart vom VfL BochumManuel Riemann
100%
Nenne zwei Vulkane Italiens:Vesuv
100%
Was ist die Wurzel aus Pi Quadrat (3 Nachkommastellen)3,14
50%
und:Ätna
50%
Wie heißt die größte Stadt Indiens? (Metropolregion)Mumbai
50%
Wofür steht PET?Polyethylenterephthalat
50%
Wer starb am April 18, 1955 in Princeton, New JerseyEinstein
0%
Sein Nachfolger wurde am 26. oder 28. Januar 2004 geboren. Wie heißt er rückwärts?Ledöhcs Om
0%
Der Satz "Eine güldne, gute Tugend: Lüge nie!" ist ein Beispiel für ein ____________.Palindrom
0%

Score Distribution

Percentile by Number Answered

Percent of People with Each Score

Your Score History

You have not taken this quiz